000 006830000a22001930004500
003 LK-CoMWRAF
005 20240305124331.0
008 230817t1995 ||||| |||| 00| 0 eng d
040 _aLK-CoMWRAF
_dLK-CoMWRAF
_eLK-CoMWRAF
041 _aeng
082 _a613.0424025
_bPOC
245 _aA Pocket Directory of organizations in sri lanka working in the fields of Primary health care and women's issues relating to health status
260 _aKandy:
_bWomen's development center,
_c1995
300 _axliv, 197 p. ; 21 cm
650 _aHealth - women - directories
650 _aWomen's health organizations- Sri Lanka -directories
700 _aQuigley, Paula
_eed.
942 _cBK
999 _c1670
_d1670